| 000 | 02068nam0a2200361 4500 | ||
|---|---|---|---|
| 001 | RU\NLR\bibl\1429162 | ||
| 005 | 20260407210244.0 | ||
| 010 | _a978-5-93332-325-9 | ||
| 021 |
_aRU _b2011-2405и _9319и |
||
| 035 | _a(NLR Aleph) 001421080 | ||
| 090 |
_a1343092 _c1343092 |
||
| 100 | _a20091022d2009 |||y0rusy50 ca | ||
| 101 | 1 |
_arus _aeng _ceng |
|
| 102 | _aRU | ||
| 105 | _aa ||||||||| | ||
| 200 | 1 |
_aРоберт Бейтман _dRobert Bateman _e[каталог выставки _fпер. с англ.: Анна Красильникова, Юлия Кузнецова _gвступ. ст.: Ральф Джеймс Лисишин и др.] _zeng |
|
| 210 |
_aСанкт-Петербург _cPalace Editions _d2009 |
||
| 215 |
_a159 с. _cцв. ил., портр. _d32 |
||
| 225 | 1 |
_aАльманах _fРусский музей, Музей Людвига, Фонд междунар. искусства и образования _vВып. 248 |
|
| 300 | _aТекст парал. на рус. и англ. яз. | ||
| 320 | _aБиблиогр. и фильмогр.: с. 158 | ||
| 510 | 1 |
_aRobert Bateman _zeng |
|
| 600 | 1 |
_aБейтман _bР. _f1930 _gРоберт _jКаталоги _xВыставки _yСанкт-Петербург, город _z2009 _92578826 _3RU\NLR\auth\661524614 |
|
| 601 | 0 | 2 |
_aГосударственный Русский музей _bМузей Людвига _cСанкт-Петербург, город _jКаталоги _xВыставки _z2009 _92573762 _3RU\NLR\auth\661521867 |
| 686 | _aЩ101.3(2Р)-2Петербург2Русский музей7музей Людвига | ||
| 702 | 1 |
_aКрасильникова _bА. _gАнна _4730 |
|
| 702 | 1 |
_aБейтман _bР. _f1930- _gРоберт _4570 |
|
| 711 | 1 | 2 |
_4070 _a"Роберт Бейтман", выставка _f2009-2010 _eСанкт-Петербург и др. _3RU\NLR\AUTH\8810138831 _9772910 |
| 801 | 0 |
_aRU _bNLR _c20091022 _gRCR |
|
| 801 | 1 |
_aRU _bNLR _c20091022 |
|
| 942 | _cBOOK | ||
| 980 | _aNB | ||